00617nam a2200193Ia 4500008004100000020001400041082001400055100002200069245004100091250000800132260004600140300002900186500001900215600002700234650001500261942000700276952012500283999001500408240925s9999 xx 000 0 und d a831709299 a621.3 TOR aToro, Vincent Del 0aElectrical Engineering Fundamentals  a2nd aNew Delhi:bPearson Printice Hallc,2007. axvi,281p.bNAfPhotocopy aIncludes Index aElectrical Engineering aTechnology cBK 001040708ELaUITUbUITUd2008-01-25eVanguard Booksg265.00l0o621.3 TORpQ7312r2024-09-25 07:14:33w2024-09-25yBK c9811d9811